Lysistrata /

Bibliographic Details
Main Author: Aristophanes
Corporate Author: Caedmon Records
Format: Cassette Audio Book
Language:English
Greek, Ancient (to 1453)
Published: New York, N.Y. : Caedmon, [between 1960 and 1969?]

MARC

Tag First Indicator Second Indicator Subfields
LEADER 00000cim a2200000 a 4500
001 in00000074893
005 20151008054820.0
007 ss lunjlc---u
008 780718q19621969nyunnnn z d 0 eng d
010 |z r 66001497  
035 |a (OCoLC)04063556 
035 |9 AAJ1767AM 
040 |a YHM  |c YHM  |d m.c.  |d TXA  |d UtOrBLW 
041 1 |a eng  |a grc 
049 |a TXAV 
090 |a PA3877  |b .L8 1962 
100 0 |a Aristophanes. 
245 1 0 |a Lysistrata /  |c Aristophanes ; [translated by Dudley Fitts]. 
264 1 |a New York, N.Y. :  |b Caedmon,  |c [between 1960 and 1969?] 
300 |a 2 sound cassettes (67 min.) :  |b 1 7/8 ips. 
306 |a 010708 
336 |a spoken word  |b spw  |2 rdacontent 
337 |a audio  |b s  |2 rdamedia 
338 |a audiocassette  |b ss  |2 rdacarrier 
500 |a Directed by Howard Sackler. 
500 |a Caedmon: CDL 5313. 
500 |a Program notes in containers. 
511 1 |a Hermione Gingold, Stanley Holloway, Miriam Karlin, Edward Atienza. 
500 |a Sound recording. 
710 2 |a Caedmon Records. 
999 |a MARS 
999 f f |s ea22b87e-5822-395e-b15a-818574c73687  |i 99bcd39b-8551-3c94-8dd5-e31a4118f904  |t 0 
952 f f |p ric  |a Texas A&M University  |b Rellis Campus  |c Joint Library Facility  |d Remote Storage  |t 0  |e PA3877 .L8 1962  |h Library of Congress classification  |i audio -- audiocassette  |m A14830053048 
998 f f |a PA3877 .L8 1962  |t 0  |l Remote Storage